000 00801nam a2200229 u 4500
005 20230221063618.0
008 160811s2015 r 000 0 eng d
020 _a9789587383164
035 _aUPN01000212276
049 _aCG
050 4 _aLB2361
_bA3.3
100 1 _aAlgarra Garzón, Sandra Judith
_938968
245 1 0 _aDisciplinas, ideas y conflictos de interés :
_banálisis sociológico de un caso de innovación curricular /
_cSandra judith Algarra Garzón.
260 _aBogotá :
_bUniversidad del Rosario,
_c2015.
300 _a93 p. :
_btablas
440 0 _aTextos de ciencias humanas
650 4 _aEducación superior
_vPlanes y programas
_95828
650 2 _aDesarrollo curricular
_9405
650 4 _aEDUCACION SUPERIOR -
_xINNOVACIONES
_918914
905 _aLibro
999 _c184376
_d184376